| 000 | 01172nam a22003617a 4500 | ||
|---|---|---|---|
| 003 | CHAP | ||
| 005 | 20220817040850.0 | ||
| 008 | 971013s1986 r 00010 d | ||
| 010 | _a1711 | ||
| 011 | _a2683 | ||
| 035 | _a1878 | ||
| 040 | _cCHAP | ||
| 082 |
_a631.521 _bM2 |
||
| 100 | 0 | 0 |
_aMcDonald, M. B. _973477 |
| 245 |
_aPhysiology of seed deterioration _b: proceedings |
||
| 260 |
_aMadison, Wis : _bCrop Science Society of America, _c1986 |
||
| 300 |
_a123 p. _b: ilus |
||
| 490 |
_aCSSA. Special publication _v; 11 |
||
| 500 | _a42-236 | ||
| 590 |
_aBATCH-UPD _b10 _c20130110 _lUCH01 _h0150 |
||
| 590 |
_aBATCH-UPD _b10 _c20130110 _lUCH01 _h1836 |
||
| 590 |
_aBATCH-UPD _b10 _c20130410 _lUCH01 _h1207 |
||
| 590 |
_aBATCH-UPD _b10 _c20130914 _lUCH01 _h1104 |
||
| 590 |
_aCONVERSION _b10 _c20130109 _lUCH01 _h1302 |
||
| 650 | 1 | 4 | _aSemillas. |
| 650 | 1 | 4 |
_aSemillas _xFisiologĂa y morfologĂa. _9103902 |
| 700 | 0 |
_aNelson, C. J. _980768 |
|
| 710 | 0 |
_aCrop Science Society of America. Madison, Wis. _929175 |
|
| 830 | 0 |
_aCSSA Special publication _v; 11 |
|
| 901 | _aBK | ||
| 942 | _cLIBRO | ||
| 949 |
_a631.521 M2 _bBC _cLIBRO _d33724000090858 _eLIBRO _h79363 _i1878 _si _t85.12 |
||
| 999 |
_c1711 _d1711 |
||